00475nam a2200193Ia 4500008004100000020001400041050001400055100002000069245002400089245004600113245002000159260001500179260001600194260000900210300001600219300002700235300001000262500000900272170918s9999 xx 000 0 und d a590448188 bM512 1933 aMeigs, Cornelia aInvincible Louisa : bthe story of the author of little women / cCornelia Meigs. aNew York : bScholastic, c1933 a247 pages : bcolored illustration ; c17cm. a1150